Normal view
MARC view
- Psychoanalysis and literature
Entry Topical Term
001 - CONTROL NUMBER
- control field: 35
003 - CONTROL NUMBER IDENTIFIER
- control field: JO-AjAnu
005 - DATE AND TIME OF LATEST TRANSACTION
- control field: 20230606070315.0
008 - FIXED-LENGTH DATA ELEMENTS
- fixed length control field: 230606|| aca||aabn | a|a d
040 ## - CATALOGING SOURCE
- Original cataloging agency: JO-AjAnu
- Transcribing agency: JO-AjAnu
150 ## - HEADING--TOPICAL TERM
- Topical term or geographic name entry element: Psychoanalysis and literature
670 ## - SOURCE DATA FOUND
- Source citation: Work cat.: (JO-AjAnu)21: Easthope, Antony, author 34, The Unconscious